| Поле | Инд. | ПП | Название | Значение |
|---|---|---|---|---|
| Тип записи | a | |||
| Библиографический уровень | m | |||
| 001 | Контрольный номер | DU/610472547 | ||
| 005 | Дата корректировки | 20230512103122.0 | ||
| 008 | Кодируемые данные | 20190506 | ||
| 022 | 0_ | a | ISSN | 0040-3601 |
| 041 | 0_ | a | Код языка текста | rus |
| 084 | a | Индекс другой классификации/Индекс ББК | 75 | |
| 090 | a | Полочн. индекс | 95.2+75 | |
| 099 | a | Индекс | 70966 | |
| 245 | 10 | a | Заглавие | Теория и практика физической культуры |
| n | Номер части/ раздела | №4/2019 | ||
| b | Продолж. заглавия | ежемесячный научно-теоретический журнал | ||
| c | Ответственность | гл. ред. Л. Лубышева | ||
| 260 | c | Дата издания | 2019 | |
| b | Издательство | Теория и практика физической культуры | ||
| a | Место издания | Москва | ||
| 300 | a | Объем | 104 с. | |
| 500 | a | Примечание | Журнал | |
| 650 | 14 | a | Основная рубрика | спорт |
| a | Основная рубрика | туризм | ||
| a | Основная рубрика | физическая культура | ||
| 653 | 0_ | a | Ключевые слова | адаптивная физическая культура |
| a | Ключевые слова | акробатические упражнения | ||
| a | Ключевые слова | безопасность | ||
| a | Ключевые слова | биомеханика | ||
| a | Ключевые слова | биоэнергетика | ||
| a | Ключевые слова | бюджетное финансирование | ||
| a | Ключевые слова | высшее образование | ||
| a | Ключевые слова | горные лыжи | ||
| a | Ключевые слова | дзюдо | ||
| a | Ключевые слова | дошкольники | ||
| a | Ключевые слова | здоровый образ жизни | ||
| a | Ключевые слова | индивидуальные программы | ||
| a | Ключевые слова | инновационные технологии | ||
| a | Ключевые слова | кикбоксинг | ||
| a | Ключевые слова | легкоатлеты | ||
| a | Ключевые слова | мышечная деятельность | ||
| a | Ключевые слова | мышечная сила | ||
| a | Ключевые слова | настольный теннис | ||
| a | Ключевые слова | плавание | ||
| a | Ключевые слова | правовое регулирование | ||
| a | Ключевые слова | профессиональное образование | ||
| a | Ключевые слова | психологическая адаптация | ||
| a | Ключевые слова | психолого-педагогические технологии | ||
| a | Ключевые слова | самоуправление | ||
| a | Ключевые слова | силовые характеристики | ||
| a | Ключевые слова | скоростной бег | ||
| a | Ключевые слова | спортивная гимнастика | ||
| a | Ключевые слова | спортивная техника | ||
| a | Ключевые слова | студенческая молодежь | ||
| a | Ключевые слова | теннис | ||
| a | Ключевые слова | тренировочный процесс | ||
| a | Ключевые слова | тхэквондо | ||
| a | Ключевые слова | умственная отсталость | ||
| a | Ключевые слова | физиология спорта | ||
| a | Ключевые слова | физическая подготовка | ||
| a | Ключевые слова | физическое воспитание | ||
| a | Ключевые слова | флорбол | ||
| a | Ключевые слова | футбол | ||
| a | Ключевые слова | художественная гимнастика | ||
| a | Ключевые слова | элективные курсы | ||
| 773 | 08 | w | Контрольный № источника | RU/IS/BASE/412430062 |
| 901 | t | Тип документа | s | |
| 952 | a | Тип литературы для КСУ ВШ | НПЖ | |
| 991 | s | 6 |